Washington D.C. Area Landmarks Quiz Stats

 Plays Quiz Updated Nov 13, 2018

Challenge
Share
Tweet
Score 0/20 Timer 06:00
13 Plays Today
# Landmark % Correct
1The Pentagon
98.9%
7White House
93.9%
3Vietnam Memorial
82%
2Jefferson Memorial
79.7%
9United States Capitol
78.5%
17Washington Monument
77.2%
13Lincoln Memorial
72.2%
16Tomb of the Unknowns
60.9%
14Marine Corps War Memorial
55%
12World War II Memorial
52.5%
# Landmark % Correct
5Supreme Court Building
49.7%
4Mount Vernon
46.1%
18Korean War Memorial
43.4%
10Smithsonian
42.9%
20Franklin Delano Roosevelt Memorial
42.3%
15Kennedy Center
29.3%
19Library of Congress
21.8%
8Union Station
19.4%
6Old Post Office
10.5%
11National Gallery of Art
10.1%

You're not logged in!

Compare scores with friends on all Sporcle quizzes.
OR
Log In

You Might Also Like...

Show Comments

Extras

Top Quizzes Today


Score Distribution

Your Account Isn't Verified!

In order to create a playlist on Sporcle, you need to verify the email address you used during registration. Go to your Sporcle Settings to finish the process.

Report this User

Report this user for behavior that violates our Community Guidelines.

Details: